| 000 | 00465cam a2200169ua 4500 | ||
|---|---|---|---|
| 020 | _c1.00 | ||
| 041 |
_aeng _h |
||
| 082 |
_a825 _bHAL/UN |
||
| 100 | _aHaldane, J.B.S . | ||
| 245 |
_aUnity and Diversity of life / _cJ.B.S.Haldane. _hTextual Documents |
||
| 260 |
_a : _bThe Publication Division Ministry of information and broad casting Govt.of India , _c1958. |
||
| 300 | _a81 ; . | ||
| 365 | _a1.00 | ||
| 504 | _a | ||
| 942 | _cBK | ||
| 999 |
_c1029 _d1029 |
||